000 00870nam a2200265 i 4500
003 DO-SdBNP
005 20230922091149.0
007 ta
008 230922b2023 dr ||||| |||| 00| 0 spa d
020 _a9789945636956
040 _aDO-SdBNP
_bspa
_cBNPHU
_erda
082 4 _222
100 _aVillanueva, César,
_eautor
_984241
245 1 0 _aManifiesto de un fundador :
_bprincipios para trascender en los negocios /
_cCésar Villanueva ; prólogo Vilma Núñez
264 _aSanto Domingo :
_bBienetre,
_c2023.
300 _a141 páginas ;
_c23 cm.
336 _2rdacontent
_atexto
_btxt
337 _2rdamedia
_asin mediación
_bn
338 _2rdacarrier
_avolumen
_bnc
500 _aIncluye datos biográficos del autor en la página 141
590 _aInventariado, 2023/BT
700 1 _aNúñez, Vilma,
_eprólogo
_984242
910 _abtavárez
942 _2ddc
_cLBS1
999 _c54894
_d54894